| 000 | 00788nam a2200241 a 4500 | ||
|---|---|---|---|
| 001 | 000021921 | ||
| 003 | DO-SdBNP | ||
| 005 | 20231116091119.0 | ||
| 008 | 100914s1999 sp abc r 000 0bspa d | ||
| 040 |
_aDO-SdBNP _bspa _cBNPHU |
||
| 049 | _aBNGR | ||
| 082 | 4 |
_a956.94 _bH447i _222 |
|
| 245 | 0 | 0 |
_aHechos de Israel / _cedición, Ellen Hirsch ; traducción, Esther Benger. |
| 260 |
_aJerusalen : _bCentro de Información de Israel, _c1999. |
||
| 300 |
_a169 p. : _bil.,mapas, retrs. ; _c21 cm. |
||
| 651 | 4 |
_aIsrael _945491 |
|
| 651 | 4 |
_aIsrael _xCondiciones sociales _945492 |
|
| 651 | 4 |
_aIsrael _xDescripciones y viajes _945493 |
|
| 651 | 4 |
_aIsrael _xCondiciones económicas _945494 |
|
| 700 | 1 |
_aHirsch, Ellen _eed. _945495 |
|
| 700 | 1 |
_aBenger, Esther _etr. _934080 |
|
| 942 |
_2ddc _cLBS1 |
||
| 999 |
_c21419 _d21419 |
||